| 000 | 00804cam a2200241 a 4500 | ||
|---|---|---|---|
| 001 | 000004430 | ||
| 005 | 20200929151436.0 | ||
| 008 | 810211s1985 cl 000 f spa | ||
| 040 |
_aDO-SdBNP _bspa _cBNPHU |
||
| 041 | 1 | 7 |
_aspa _heng |
| 082 |
_a823.7 _bD548ó |
||
| 100 | 1 |
_aDickens, Charles, _d1812-1870. _91442 |
|
| 245 | 1 | 0 |
_aOliver Twist / _cCharles Dickens ; traducción, José Méndez Herrera. |
| 260 |
_aSantiago, Chile : _bErcilia, _c1985. |
||
| 300 |
_a2t ; _c19 cm. |
||
| 440 | 0 |
_at.1 Biblioteca Arcilla ; _vno. 28 _913015 |
|
| 440 | 0 |
_at.2 Biblioteca Arcilla ; _vno. 29 _913016 |
|
| 534 | _aTítulo original: The adventures of Oliver Twist. | ||
| 650 | 4 |
_aNovela inglesa _91071 |
|
| 650 | 4 |
_aLiteratura inglesa _9498 |
|
| 700 | 1 |
_aMéndez Herrera, José, _etr. _912870 |
|
| 740 | 0 | _aOliver Twist. | |
| 999 |
_c4239 _d4239 |
||